Match the Dictator With it's Country - Statistics

General Stats
  • This quiz has been taken 85 times
  • The average score is 12 of 15
Answer Stats
Dictator Country % Correct
Kim Jong-il North Korea
97%
Joseph Stalin USSR (Russia)
97%
Adolf Hitler Germany
96%
Mao Zedong China
95%
Saddam Hussein Iraq
93%
Fidel Castro Cuba
92%
Benito Mussolini Italy
90%
Pol Pot Cambodia
86%
Muammar Gaddafi Libya
84%
Tojo Hideki Japan
75%
Nicolae Ceausescu Romania
73%
Ferdinand Marcos The Philippines
59%
Manuel Noriega Panama
58%
Jean-Claude Duvalier Haiti
56%
Getulio Vargas Brazil
33%
No matching quizzes found
Score Distribution
Percent of People with Each Score
Percentile by Number Answered
Your Score History
You have not taken this quiz